| 000 | nam a22 7a 4500 | ||
|---|---|---|---|
| 999 |
_c128312 _d128312 |
||
| 008 | 181005b xxu||||| |||| 00| 0 eng d | ||
| 020 | _a9781782394853 | ||
| 050 | _aHF5811. W82 2016 | ||
| 100 |
_aWu Tim _942754 |
||
| 245 |
_a The attention merchants: _bthe epic struggle to get inside our heads _c/by Tim Wu |
||
| 260 |
_aLondon: _bAtlantic Books, _c2017. |
||
| 300 |
_ax,413p.; _c20cm. |
||
| 650 |
_aAdvertising _xSocial aspects _xhistory _942755 |
||
| 650 |
_aAdvertising _xpsychological aspects _942756 |
||
| 650 |
_aMarketing _xHistory _942757 |
||
| 650 |
_aConsumer behaviour _xHistory _942758 |
||
| 942 |
_2lcc _cMONOGRAPH |
||